ბათუმის შოთა რუსთაველის სახელმწიფო უნივერსიტეტის ბიბლიოთეკა

ეკონომიკური რეფორმა : (ბიბ.ჩანაწერი № 63566)

000 -ლიდერი
ფიქსირებული სიგრძის საკონტროლო ველი 01064nam a22001937a 4500
003 - საკონტროლო ნომრის იდენტიფიკატორი
საკონტროლო ველი Ge_BSU
005 - ბოლო ოპერაციის თარიღი და დრო
საკონტროლო ველი 20251031152546.0
008 - ფიქსირებული სიგრძის მონაცემთა ელემენტები - ზოგადი ინფორმაცია
ფიქსირებული სიგრძის საკონტროლო ველი 251031s1996 ge ||||| |||| 00| 0 geo d
041 ## - ენის კოდი
Language code of text/sound track or separate title geo
080 ## - უნივერსალური ათობითი კლასიფიკაციის ინდექსი
Universal Decimal Classification number 34(479.22)(094.1) : 338.24.021.8(479.22) : 346.26(479.22)(094.5) ე-49
245 ## - ცნობა სათაურის შესახებ
Title ეკონომიკური რეფორმა :
Remainder of title საქართველოს ნორმატიული აქტების კრებული. წ. 3 /
Statement of responsibility, etc [ავტ. ს პეტროსიანი].
264 ## - წარმოების, გამოცემის, დისტრიბუციის და სხვა ცნობები
გამოცემის, წარმოების, დისტრიბუციის... ადგილი თბილისი :
გამოცემის, წარმოების, დისტრიბუციის... სახელწოდება ნორმა შპს,
გამოცემის, წარმოების, დისტრიბუციის... თარიღი 1996.
300 ## - ფიზიკური აღწერა
Extent 328 გვ.;
Other physical details 20 სმ.
653 ## - INDEX TERM--UNCONTROLLED
Uncontrolled term საქართველოს ნორმატიული აქტები
653 ## - INDEX TERM--UNCONTROLLED
Uncontrolled term ეკონომიკური რეფორმა საქართველოში
653 ## - INDEX TERM--UNCONTROLLED
Uncontrolled term საქართველოს სამეწარმეო სამართალი
700 ## - ADDED ENTRY--PERSONAL NAME
Personal name პეტროსიანი, ს.
Relator term ავტორი
9 (RLIN) 26125
942 ## - ADDED ENTRY ELEMENTS (KOHA)
Source of classification or shelving scheme
Koha item type წიგნი
ეგზემპლარები
ჩამოწერის სტატუსი დაკარგული ეგზემპლარის სტატუსი კლასიფიკაციის წყარო ან თაროზე გაწყობის სქემა დაზიანების სტატუსი არ გაიცემა მუდმივი მდებარეობა (დაცვის ადგილი) ამჟამინდელი ადგილსამყოფელი თაროზე განთავსების ადგილი შეძენის თარიღი ღირებულება, შესყიდვის ნორმალური ფასი სრული შენახვის შიფრი შტრიხკოდი ბოლო ოპერაციის თარიღი ეგზემპლარის მიმდევრობითი ნომერი (კეტერი?) ფასის ძალაში შესვლის თარიღი ეგზემპლარის სახეობა საჯარო შენიშვნა
          ბათუმის შოთა რუსთაველის სახელმწიფო უნივერსიტეტის მთავარი ბიბლიოთეკა ბათუმის შოთა რუსთაველის სახელმწიფო უნივერსიტეტის მთავარი ბიბლიოთეკა წიგნსაცავი 2025-10-31 5.00 34(479.22)(094.1) : 338.24.021.8(479.22) : 346.26(479.22)(094.5) ე-49 72884 2025-10-31 72884 2025-10-31 წიგნი 5 ლ.